|
|
|
|
| LEADER |
00000naa2a2200000 4500 |
| 001 |
382915 |
| 005 |
20231101063038.0 |
| 035 |
|
|
|a (RuTPU)RU\TPU\prd\7664
|
| 090 |
|
|
|a 382915
|
| 100 |
|
|
|a 20021022a2002 k y0rusy50 ca
|
| 101 |
0 |
|
|a rus
|
| 102 |
|
|
|a RU
|
| 200 |
1 |
|
|a Оценка стоимости в ядерном топливном цикле
|f Ю. Твэлов
|
| 225 |
1 |
|
|a Рефераты
|
| 320 |
|
|
|a Библиогр.: 7 назв.
|
| 461 |
|
1 |
|0 (RuTPU)RU\TPU\prd\1300
|x 0320-9326
|t Атомная техника за рубежом
|o научно-технический журнал
|f Росатом; Государственная корпорация по атомной энергии; Ядерное общество России (ЯОР)
|d 1957-
|
| 463 |
|
1 |
|0 (RuTPU)RU\TPU\prd\3921
|t № 3
|v С. 16-20
|d 2002
|
| 610 |
1 |
|
|a ядерный топливный цикл
|
| 610 |
1 |
|
|a оценки стоимости
|
| 610 |
1 |
|
|a отработавшее ядерное топливо (ОЯТ)
|
| 610 |
1 |
|
|a МОХ-топливо
|
| 610 |
1 |
|
|a экономический риск
|
| 610 |
1 |
|
|a радиационный риск
|
| 610 |
1 |
|
|a цена аварии
|
| 610 |
1 |
|
|a атомные электрические станции
|
| 675 |
|
|
|a 621.039.003
|v 3
|
| 700 |
|
1 |
|a Твэлов
|b Ю.
|
| 801 |
|
1 |
|a RU
|b 63413507
|c 20021022
|g PSBO
|
| 801 |
|
2 |
|a RU
|b 63413507
|c 20120419
|g RCR
|
| 942 |
|
|
|c BK
|